Một số phương pháp phân tích môi trường
Giới thiệu một số phương pháp dùng trong phân tích môi trường: Phương pháp trắc quang; phương pháp điện hóa ; phương pháp phân tích tích trắc kí, phương pháp khối phổ,..
Đã lưu trong:
| Tác giả chính: | |
|---|---|
| Định dạng: | Sách |
| Ngôn ngữ: | Vietnamese |
| Năm xuất bản: |
H.
Đại học quốc gia
2004
|
| Chủ đề: | |
| Tags: |
Thêm thẻ
Không có thẻ, Hãy là người đầu tiên gắn thẻ bản ghi này!
|
| LEADER | 01641nam a2200337 a 4500 | ||
|---|---|---|---|
| 001 | vtls000021566 | ||
| 003 | VRT | ||
| 005 | 20161012160802.0 | ||
| 008 | 080422s2005 vm 000 u vie d | ||
| 039 | 9 | |a 201203060835 |b luuthiha |c 200810131530 |d Hanh | |
| 040 | |a TVTTHCM | ||
| 082 | 0 | 4 | |a 628 |b M458s |
| 100 | 1 | |a Lê Đức | |
| 245 | 1 | 0 | |a Một số phương pháp phân tích môi trường |c Lê Đức chủ biên, Trần Khắc Hiệp , Nguyễn Xuân Cự |
| 260 | |a H. |b Đại học quốc gia |c 2004 | ||
| 300 | |a 215tr. |c 27 cm | ||
| 520 | |a Giới thiệu một số phương pháp dùng trong phân tích môi trường: Phương pháp trắc quang; phương pháp điện hóa ; phương pháp phân tích tích trắc kí, phương pháp khối phổ,.. | ||
| 650 | 0 | |a Optics |x Study and teaching. | |
| 650 | 4 | |x Học tập và giảng dạy. | |
| 653 | |a Kỉ thuật | ||
| 653 | |a Phân tích lí hóa | ||
| 653 | |a Môi trường | ||
| 700 | 1 | |a Lê Đức | |
| 900 | |a D13 M10 Y08 | ||
| 942 | |2 ddc |c STK0 | ||
| 949 | |6 100032201 | ||
| 949 | |6 100032202 | ||
| 999 | |c 2644 |d 2644 | ||
| 952 | |0 0 |1 0 |2 ddc |4 0 |6 628_000000000000000_M458S |7 1 |8 600 |9 32698 |a qbu |b qbu |c D3 |d 2014-12-14 |g 34800 |o 628 M458s |p 4253.C1 |r 0000-00-00 |w 2014-12-14 |y STK0 |0 0 |6 628_000000000000000_M458S | ||
| 952 | |0 0 |1 0 |2 ddc |4 0 |6 628_000000000000000_M458S |7 0 |8 600 |9 32699 |a qbu |b qbu |c D3 |d 2014-12-14 |g 34800 |o 628 M458s |p 4253.C2 |r 0000-00-00 |w 2014-12-14 |y STK0 |0 0 |6 628_000000000000000_M458S | ||
| 952 | |0 0 |1 0 |2 ddc |4 0 |6 628_000000000000000_M458S |7 0 |8 600 |9 32700 |a qbu |b qbu |c D3 |d 2014-12-14 |g 34800 |o 628 M458s |p 4253.C3 |r 0000-00-00 |w 2014-12-14 |y STK0 |0 0 |6 628_000000000000000_M458S | ||